000 00618nam a2200217Ia 4500
005 20250508164702.0
008 008 250505s9999 xx 000 0 eng d
020 _a81-250-2664-9
037 _aTextual
040 _aFEDL
_beng
_cFEDL
041 _aeng
_2eng
084 _a371.73, SHE
_qFEDL
100 _aSheela Kumari S
_9778862
245 0 _aFitness, aerobics and gym operations
260 _aNew Delhi, India
_bKhel Sahitya Kendra
_c2009
300 _a193p.
365 _aINR
_b400
700 _a Rana Amita Kaushik Seema
_9778863
942 _cTEXL
_h371.73, SHE
999 _c1390546
_d1390546